000
00218 a2200097 4500
001
10879
100
_a
Payne, S.
245
_a
The Art of Asking Questions
260
_a
_b
Princetton University
_c
090
_c
8453
_d
8453
942
_a
NUST-CAE
_c
M
_c
35215
999
_c
245952
_d
245952